MARC
| LEADER | 00000nam a2200000Ia 4500 | ||
|---|---|---|---|
| 008 | 170316s9999 xx 000 0 und d | ||
| 040 | |a cru BVZT | ||
| 090 | |a 862 C-3en | ||
| 100 | |a Calderón de la Barca, Pedro | ||
| 245 | |a Entremeses, Jácaras y Mojigangas | ||
| 260 | |a Madrid, España | ||
| 260 | |b Castalia | ||
| 260 | |c 1982 | ||
| 300 | |a 432 páginas | ||
| 650 | |a LITERATURA ESPAÑOLA | ||
| 650 | |a OBRAS DE TEATRO | ||
| 999 | |c 9741 |d 9741 | ||
| 942 | |c 15 D |h 862 C-3en |2 z | ||
